Radiation Physics for Medical Physicists

Chi tiết về thư mục
Tác giả chính: Podgorsak E. B. Ervin
Tóm tắt:This book summarizes basic knowledge of atomic, nuclear, and radiation physics that professionals need for efficient and safe use of ionizing radiation. Concentrating on the underlying principles of radiation physics, it covers prerequisite knowledge for medical physics courses on the graduate and post-graduate levels, providing the link between elementary physics on the one hand and the intricacies of the medical physics specialties on the other.
Ngôn ngữ:Tiếng Anh
Được phát hành: Berlin, Springer, 2010
Phiên bản:2nd ed.
Loạt:Biological and Medical Physics, Biomedical Engineering
Những chủ đề:
Định dạng: Sách
KOHA link:https://koha.lib.tpu.ru/cgi-bin/koha/opac-detail.pl?biblionumber=231044

MARC

LEADER 00000nam0a2200000 4500
001 231044
005 20231101231040.0
010 |a 9783642008740 
035 |a (RuTPU)RU\TPU\book\252059 
090 |a 231044 
100 |a 20130129d2010 k y0engy50 ba 
101 0 |a eng 
102 |a DE 
105 |a a z 001zy 
200 1 |a Radiation Physics for Medical Physicists  |f E. B. Podgorsak 
205 |a 2nd ed. 
210 |a Berlin  |c Springer  |d 2010 
215 |a 745 p.  |c il. 80 tabl. 
225 1 |a Biological and Medical Physics, Biomedical Engineering 
320 |a Index: p. 729-745. 
330 |a This book summarizes basic knowledge of atomic, nuclear, and radiation physics that professionals need for efficient and safe use of ionizing radiation. Concentrating on the underlying principles of radiation physics, it covers prerequisite knowledge for medical physics courses on the graduate and post-graduate levels, providing the link between elementary physics on the one hand and the intricacies of the medical physics specialties on the other. 
606 1 |a Радиационная физика  |2 stltpush  |3 (RuTPU)RU\TPU\subj\22309  |9 47106 
610 1 |a физика 
610 1 |a радиационная биология 
610 1 |a радиационная биотехнология 
610 1 |a радиационная биофизика 
610 1 |a радиационная медицина 
610 1 |a биомедицинские технологии 
610 1 |a английский язык 
675 |a 539.16.04  |v 3 
700 1 |a Podgorsak  |b E. B.  |g Ervin 
801 1 |a RU  |b 63413507  |c 20130129 
801 2 |a RU  |b 63413507  |c 20150305  |g RCR 
942 |c BK 
959 |a 12/20130129  |d 1  |e 0  |f ЧЗИЛ:1